[Event "DSJ Weihnachtsturnier U16: Steinitz 2020"]
[Site ""]
[Date "2020.12.28"]
[Round "7"]
[White "Seymer, Adam"]
[Black "Abed, Karim"]
[Result "0-1"]
[Termination "normal"]
[Board "7.2"]
[WhiteElo "1249"]
[BlackElo "1626"]
[WhiteTeam "SG Grün-Weiß Dresden"]
[BlackTeam "SV Königsjäger Süd-West"]
[PlyCount "130"]
[WhiteFideId "34651802"]
[BlackFideId "16242785"]
[EventRounds "7"]
[EventType "team-swiss"]
[EventDate "2020.12.28"]

1. c4 {[%emt 0:00:10]} d6 {[%emt 0:00:06]} 2. Nc3 {[%emt 0:00:05]} e5 {[%emt
0:00:01]} 3. g3 {[%emt 0:00:04]} g6 {[%emt 0:00:12]} 4. Bg2 {[%emt 0:00:03]}
Bg7 {[%emt 0:00:03]} 5. Nf3 {[%emt 0:00:04]} f5 {[%emt 0:00:02]} 6. O-O {[%emt
0:00:07]} Nf6 {[%emt 0:00:04]} 7. d3 {[%emt 0:00:20]} O-O {[%emt 0:00:03]} 8.
e4 {[%emt 0:00:03]} Nc6 {[%emt 0:00:04]} 9. Bg5 {[%emt 0:00:07]} h6 {[%emt
0:00:19]} 10. Be3 {[%emt 0:00:13]} g5 {[%emt 0:00:13]} 11. Qc1 {[%emt 0:00:44]}
f4 { [%emt 0:00:06]} 12. gxf4 {[%emt 0:00:02]} gxf4 {[%emt 0:00:02]} 13. Bd2 {
[%emt 0:00:02]} Bg4 {[%emt 0:00:07]} 14. Ne2 {[%emt 0:00:22]} Nh5 {[%emt
0:00:17]} 15. Kh1 {[%emt 0:00:19]} Bxf3 {[%emt 0:00:59]} 16. Bxf3 {[%emt
0:00:06]} Qh4 {[%emt 0:00:03]} 17. Rg1 {[%emt 0:00:50]} Kh7 {[%emt 0:01:41]}
18. Qf1 { [%emt 0:00:39]} Nf6 {[%emt 0:00:53]} 19. Qg2 {[%emt 0:00:14]} Rg8
{[%emt 0:00:28]} 20. Qf1 {[%emt 0:01:33]} Bh8 {[%emt 0:00:09]} 21. Bc3 {[%emt
0:00:39]} Ng4 {[%emt 0:00:14]} 22. Bxg4 {[%emt 0:00:23]} Rxg4 {[%emt 0:00:07]}
23. Rxg4 { [%emt 0:00:03]} Qxg4 {[%emt 0:00:03]} 24. f3 {[%emt 0:00:05]} Qh5
{[%emt 0:00:03]} 25. Qf2 {[%emt 0:00:14]} Rg8 {[%emt 0:00:15]} 26. Rg1 {[%emt
0:00:06]} Rxg1+ {[%emt 0:00:05]} 27. Kxg1 {[%emt 0:00:05]} Bf6 {[%emt 0:00:03]}
28. b4 { [%emt 0:00:30]} Bh4 {[%emt 0:00:16]} 29. Qg2 {[%emt 0:00:05]} Ne7
{[%emt 0:00:11]} 30. d4 {[%emt 0:00:10]} Ng6 {[%emt 0:00:20]} 31. dxe5 {[%emt
0:00:05]} dxe5 {[%emt 0:00:39]} 32. b5 {[%emt 0:00:23]} Bf6 {[%emt 0:00:27]}
33. Be1 { [%emt 0:00:21]} Be7 {[%emt 0:00:21]} 34. Nc3 {[%emt 0:00:07]} Bc5+
{[%emt 0:00:28]} 35. Kh1 {[%emt 0:00:05]} c6 {[%emt 0:00:11]} 36. bxc6 {[%emt
0:00:05]} bxc6 {[%emt 0:00:02]} 37. a4 {[%emt 0:00:04]} Bb4 {[%emt 0:00:04]}
38. Qg4 { [%emt 0:00:40]} Qxg4 {[%emt 0:00:09]} 39. fxg4 {[%emt 0:00:01]} f3
{[%emt 0:00:10]} 40. Kg1 {[%emt 0:00:06]} Nf4 {[%emt 0:00:01]} 41. Kf2 {[%emt
0:00:05]} Nd3+ {[%emt 0:00:01]} 42. Kf1 {[%emt 0:00:07]} Nxe1 {[%emt 0:00:03]}
43. Kxe1 { [%emt 0:00:03]} Bxc3+ {[%emt 0:00:01]} 44. Kf2 {[%emt 0:00:01]} Kg6
{[%emt 0:00:01]} 45. Kxf3 {[%emt 0:00:01]} Be1 {[%emt 0:00:11]} 46. h3 {[%emt
0:00:03]} h5 {[%emt 0:00:06]} 47. Ke2 {[%emt 0:00:16]} Bg3 {[%emt 0:00:04]} 48.
Kf3 { [%emt 0:00:04]} Bf4 {[%emt 0:00:02]} 49. Ke2 {[%emt 0:00:05]} hxg4 {[%emt
0:00:02]} 50. hxg4 {[%emt 0:00:02]} Kg5 {[%emt 0:00:01]} 51. Kf3 {[%emt
0:00:01]} c5 {[%emt 0:00:01]} 52. a5 {[%emt 0:00:04]} a6 {[%emt 0:00:01]} 53.
Ke2 {[%emt 0:00:03] Sued-W1002 reconnected.} Kxg4 {[%emt 0:00:04]} 54. Kf2
{[%emt 0:00:02]} Bd2 {[%emt 0:00:03]} 55. Ke2 {[%emt 0:00:02]} Bxa5 {[%emt
0:00:03]} 56. Kd3 { [%emt 0:00:01]} Kf3 {[%emt 0:00:05]} 57. Kc2 {[%emt
0:00:00]} Kxe4 {[%emt 0:00:01]} 58. Kb3 {[%emt 0:00:01]} Kd3 {[%emt 0:00:01]}
59. Ka4 {[%emt 0:00:00]} Bb4 {[%emt 0:00:01]} 60. Kb3 {[%emt 0:00:03]} e4
{[%emt 0:00:01]} 61. Kb2 {[%emt 0:00:02]} e3 {[%emt 0:00:05]} 62. Kc1 {[%emt
0:00:02]} e2 {[%emt 0:00:00]} 63. Kb2 {[%emt 0:00:02]} e1=Q {[%emt 0:00:02]}
64. Ka2 {[%emt 0:00:02]} Qd2+ { [%emt 0:00:09]} 65. Kb3 {[%emt 0:00:04]} Qc2#
{[%emt 0:00:02]} 0-1

[Event "DSJ Weihnachtsturnier U16: Steinitz 2020"]
[Site ""]
[Date "2020.12.28"]
[Round "7"]
[White "Sohr, Jim"]
[Black "Pätzold, Nicolas"]
[Result "0-1"]
[Termination "normal"]
[Board "7.3"]
[WhiteElo "1726"]
[BlackElo "1360"]
[WhiteTeam "SV Königsjäger Süd-West"]
[BlackTeam "SG Grün-Weiß Dresden"]
[PlyCount "74"]
[WhiteFideId "16245105"]
[BlackFideId "16240464"]
[EventRounds "7"]
[EventType "team-swiss"]
[EventDate "2020.12.28"]

1. d4 {[%emt 0:00:06]} d5 {[%emt 0:00:02]} 2. c4 {[%emt 0:00:09]} e6 {[%emt
0:00:04]} 3. Nc3 {[%emt 0:00:01]} f5 {[%emt 0:00:04]} 4. e3 {[%emt 0:00:10]}
Nf6 {[%emt 0:00:05]} 5. Nf3 {[%emt 0:00:04]} c6 {[%emt 0:00:09]} 6. b3 {[%emt
0:00:05]} Bd6 {[%emt 0:00:03]} 7. Bd3 {[%emt 0:00:04]} O-O {[%emt 0:00:51]} 8.
O-O { [%emt 0:00:04]} Ne4 {[%emt 0:00:04]} 9. Bb2 {[%emt 0:00:06]} Nd7 {[%emt
0:00:03]} 10. Ne2 {[%emt 0:00:02]} a5 {[%emt 0:00:15]} 11. Ne5 {[%emt 0:00:04]}
Qf6 {[%emt 0:00:28]} 12. f3 {[%emt 0:00:06]} Ng5 {[%emt 0:00:35]} 13. f4 {[%emt
0:00:20]} Ne4 {[%emt 0:00:04]} 14. Bxe4 {[%emt 0:00:02]} fxe4 {[%emt 0:00:04]}
15. g3 {[%emt 0:00:33]} Qh6 {[%emt 0:00:58]} 16. Rf2 {[%emt 0:00:22]} Nf6 {
[%emt 0:00:14]} 17. Qf1 {[%emt 0:01:02]} Bd7 {[%emt 0:00:14]} 18. Qg2 {[%emt
0:00:27]} Bxe5 {[%emt 0:00:12]} 19. dxe5 {[%emt 0:00:22]} Ng4 {[%emt 0:00:25]}
20. Bd4 {[%emt 0:00:40]} Nxf2 {[%emt 0:00:05]} 21. Qxf2 {[%emt 0:00:06]} g5 {
[%emt 0:01:00]} 22. Bc5 {[%emt 0:00:06]} Rf7 {[%emt 0:00:06]} 23. Nd4 {[%emt
0:00:04]} gxf4 {[%emt 0:00:14]} 24. gxf4 {[%emt 0:00:00]} Rg7+ {[%emt 0:00:12]}
25. Kh1 {[%emt 0:00:02]} Kh8 {[%emt 0:00:06]} 26. Ne2 {[%emt 0:00:44]} Rag8 {
[%emt 0:00:17]} 27. Rg1 {[%emt 0:00:19]} Qh3 {[%emt 0:00:17]} 28. Rxg7 { [%emt
0:00:17]} Rxg7 {[%emt 0:00:02]} 29. Ng3 {[%emt 0:00:01]} Be8 {[%emt 0:00:22]}
30. Bf8 {[%emt 0:00:08]} Rg8 {[%emt 0:00:13]} 31. Be7 {[%emt 0:00:03]} h6
{[%emt 0:00:13]} 32. cxd5 {[%emt 0:00:43]} cxd5 {[%emt 0:00:07]} 33. Bf6+ {
[%emt 0:00:13]} Kh7 {[%emt 0:00:02]} 34. a4 {[%emt 0:00:39]} Bh5 {[%emt
0:00:07]} 35. Qc2 {[%emt 0:01:09]} Bf3+ {[%emt 0:01:18]} 36. Kg1 {[%emt
0:00:12]} Rxg3+ {[%emt 0:00:04]} 37. hxg3 {[%emt 0:00:06]} Qh1+ {[%emt
0:00:01]} 0-1

[Event "DSJ Weihnachtsturnier U16: Steinitz 2020"]
[Site ""]
[Date "2020.12.28"]
[Round "7"]
[White "Bachmann, Francesco"]
[Black "Boissel, Kasimir"]
[Result "0-1"]
[Termination "normal"]
[Board "7.4"]
[WhiteElo "1021"]
[BlackElo "1781"]
[WhiteTeam "SG Grün-Weiß Dresden"]
[BlackTeam "SV Königsjäger Süd-West"]
[PlyCount "32"]
[BlackFideId "16298209"]
[EventRounds "7"]
[EventType "team-swiss"]
[EventDate "2020.12.28"]

1. e4 {[%emt 0:00:18]} e5 {[%emt 0:00:08]} 2. Nf3 {[%emt 0:00:05]} Nc6 { [%emt
0:00:01]} 3. d4 {[%emt 0:00:04]} exd4 {[%emt 0:00:02]} 4. Nxd4 {[%emt 0:00:02]}
g6 {[%emt 0:00:02]} 5. Nc3 {[%emt 0:00:11]} Bg7 {[%emt 0:00:06]} 6. Be3 {[%emt
0:00:04]} Nge7 {[%emt 0:00:04]} 7. Qd2 {[%emt 0:00:24]} O-O {[%emt 0:00:02]} 8.
g4 {[%emt 0:00:11]} d5 {[%emt 0:00:38]} 9. Be2 {[%emt 0:00:15] Dresden1-004
reconnected.} dxe4 {[%emt 0:00:09]} 10. Nxe4 {[%emt 0:00:05]} Nxd4 {[%emt
0:00:03]} 11. Bxd4 {[%emt 0:00:32]} Qxd4 {[%emt 0:00:08]} 12. Bd3 { [%emt
0:01:05]} Qxb2 {[%emt 0:00:13]} 13. Rd1 {[%emt 0:00:04]} Bxg4 {[%emt 0:00:12]}
14. Rc1 {[%emt 0:00:09]} Rad8 {[%emt 0:00:28]} 15. Qf4 {[%emt 0:01:08]
Dresden1-004 reconnected.} Rxd3 {[%emt 0:01:08]} 16. cxd3 {[%emt 0:00:11]} Qe2#
{[%emt 0:00:04]} 0-1

[Event "DSJ Weihnachtsturnier U16: Steinitz 2020"]
[Site ""]
[Date "2020.12.28"]
[Round "7"]
[White "Quade, Luca"]
[Black "Schön, Florian"]
[Result "0-1"]
[Termination "normal"]
[Board "8.1"]
[WhiteElo "1528"]
[BlackElo "1642"]
[WhiteTeam "SF Schwerin"]
[BlackTeam "VfB Schach Leipzig"]
[PlyCount "82"]
[BlackFideId "16259394"]
[EventRounds "7"]
[EventType "team-swiss"]
[EventDate "2020.12.28"]

1. e4 {[%emt 0:00:07] VfBLeip2-001 kibitzing!? VfBLeip2-001 reconnected.} e5 {
[%emt 0:00:20]} 2. Nf3 {[%emt 0:00:02]} Nc6 {[%emt 0:00:04]} 3. Bc4 {[%emt
0:00:02]} Bc5 {[%emt 0:00:02]} 4. b4 {[%emt 0:00:01]} Bxb4 {[%emt 0:00:02]} 5.
c3 {[%emt 0:00:01]} Ba5 {[%emt 0:00:01]} 6. Qb3 {[%emt 0:00:03]} Qe7 {[%emt
0:00:11]} 7. d3 {[%emt 0:00:32]} Bb6 {[%emt 0:00:20]} 8. Bg5 {[%emt 0:00:07]}
Nf6 { [%emt 0:00:03]} 9. O-O {[%emt 0:00:40]} Na5 {[%emt 0:00:08]} 10. Qa4
{[%emt 0:00:08]} Nxc4 {[%emt 0:00:03]} 11. Qxc4 {[%emt 0:00:02]} d6 {[%emt
0:00:01]} 12. Na3 {[%emt 0:00:16]} Be6 {[%emt 0:00:03]} 13. Qa4+ {[%emt
0:00:08]} Bd7 { [%emt 0:00:12]} 14. Qc4 {[%emt 0:00:03]} O-O {[%emt 0:00:02]}
15. Nb5 {[%emt 0:00:14]} c6 {[%emt 0:00:29]} 16. Na3 {[%emt 0:00:06]} h6 {[%emt
0:00:04]} 17. Bh4 {[%emt 0:00:04]} Bg4 {[%emt 0:00:04]} 18. Nd2 {[%emt
0:00:14]} g5 {[%emt 0:00:15]} 19. Bg3 {[%emt 0:00:04]} h5 {[%emt 0:00:05]} 20.
h3 {[%emt 0:00:01]} Be6 {[%emt 0:00:08]} 21. Qb4 {[%emt 0:00:11]} h4 {[%emt
0:00:34]} 22. Bh2 { [%emt 0:00:06]} g4 {[%emt 0:00:01]} 23. Kh1 {[%emt
0:00:05]} gxh3 {[%emt 0:00:06]} 24. gxh3 {[%emt 0:00:01]} Bxh3 {[%emt 0:00:07]}
25. Rg1+ {[%emt 0:00:02]} Kh7 {[%emt 0:00:03]} 26. Nf3 {[%emt 0:00:08]} Ng4
{[%emt 0:00:28]} 27. Qb2 { [%emt 0:00:10]} Nxf2+ {[%emt 0:00:05]} 28. Qxf2
{[%emt 0:00:07]} Bxf2 {[%emt 0:00:01]} 29. Ng5+ {[%emt 0:00:05]} Kh6 {[%emt
0:00:17]} 30. Nxh3 {[%emt 0:00:03] } Bxg1 {[%emt 0:00:02]} 31. Rxg1 {[%emt
0:00:02]} Rg8 {[%emt 0:00:03]} 32. Nc2 {[%emt 0:00:07]} Rxg1+ {[%emt 0:00:03]}
33. Bxg1 {[%emt 0:00:02]} Qf6 {[%emt 0:00:29]} 34. Be3+ {[%emt 0:00:08]} Kh7
{[%emt 0:00:04]} 35. Ng5+ {[%emt 0:00:03] } Kh8 {[%emt 0:00:05]} 36. d4 {[%emt
0:00:07]} Rg8 {[%emt 0:00:16]} 37. dxe5 { [%emt 0:00:05]} dxe5 {[%emt 0:00:06]}
38. Ne1 {[%emt 0:00:06]} Qf1+ {[%emt 0:00:05]} 39. Kh2 {[%emt 0:00:09]} Qxe1
{[%emt 0:00:03]} 40. Nxf7+ {[%emt 0:00:02]} Kg7 {[%emt 0:00:02]} 41. Nxe5
{[%emt 0:00:06]} Qxe3 {[%emt 0:00:04]} 0-1

[Event "DSJ Weihnachtsturnier U16: Steinitz 2020"]
[Site ""]
[Date "2020.12.28"]
[Round "7"]
[White "Englert, Luca"]
[Black "Focke, Yannick"]
[Result "1-0"]
[Termination "normal"]
[Board "8.2"]
[WhiteElo "1563"]
[BlackElo "1462"]
[WhiteTeam "VfB Schach Leipzig"]
[BlackTeam "SF Schwerin"]
[PlyCount "79"]
[WhiteFideId "16293088"]
[EventRounds "7"]
[EventType "team-swiss"]
[EventDate "2020.12.28"]

1. e4 {[%emt 0:00:03]} c5 {[%emt 0:00:02]} 2. Nc3 {[%emt 0:00:02]} e6 {[%emt
0:00:14]} 3. g3 {[%emt 0:00:03]} a6 {[%emt 0:00:02]} 4. Bg2 {[%emt 0:00:01]}
Qc7 {[%emt 0:00:02]} 5. f4 {[%emt 0:00:02]} d6 {[%emt 0:00:20]} 6. Nf3 {[%emt
0:00:01]} Nd7 {[%emt 0:00:06]} 7. O-O {[%emt 0:00:04]} b5 {[%emt 0:00:17]} 8.
d4 { [%emt 0:00:03]} Bb7 {[%emt 0:00:00]} 9. d5 {[%emt 0:00:03]} Ngf6 {[%emt
0:00:40]} 10. dxe6 {[%emt 0:00:06]} fxe6 {[%emt 0:00:04]} 11. Re1 {[%emt
0:00:02]} Be7 {[%emt 0:00:33]} 12. e5 {[%emt 0:00:02]} Bxf3 {[%emt 0:00:07]}
13. Bxf3 { [%emt 0:00:04]} Rd8 {[%emt 0:01:12]} 14. exf6 {[%emt 0:00:03]} Nxf6
{[%emt 0:00:10]} 15. Rxe6 {[%emt 0:00:02]} O-O {[%emt 0:00:05]} 16. Nd5 {[%emt
0:00:03]} Nxd5 {[%emt 0:00:08]} 17. Bxd5 {[%emt 0:00:00]} Kh8 {[%emt 0:00:03]}
18. Qe2 { [%emt 0:00:02]} Bf6 {[%emt 0:00:13]} 19. c4 {[%emt 0:00:20]} bxc4
{[%emt 0:00:12]} 20. Bxc4 {[%emt 0:00:00]} a5 {[%emt 0:00:09]} 21. Rb1 {[%emt
0:00:02]} Bd4+ {[%emt 0:00:06]} 22. Be3 {[%emt 0:00:03]} Bf6 {[%emt 0:00:35]}
23. Bf2 { [%emt 0:00:02]} d5 {[%emt 0:00:07]} 24. Bb3 {[%emt 0:00:04]} c4
{[%emt 0:00:13] } 25. Ba4 {[%emt 0:00:05]} d4 {[%emt 0:00:40]} 26. Rc6 {[%emt
0:00:03]} Qb7 { [%emt 0:00:30]} 27. Qxc4 {[%emt 0:00:02]} d3 {[%emt 0:00:27]}
28. Rb6 {[%emt 0:00:04]} Qe7 {[%emt 0:00:16]} 29. Re1 {[%emt 0:00:03]} Qf7
{[%emt 0:00:44]} 30. Qxf7 {[%emt 0:00:02]} Rxf7 {[%emt 0:00:03]} 31. Rd1 {[%emt
0:00:00]} d2 { [%emt 0:00:23]} 32. b3 {[%emt 0:00:05]} Rc7 {[%emt 0:00:13]} 33.
Rc6 {[%emt 0:00:06]} Re7 {[%emt 0:00:16]} 34. Kf1 {[%emt 0:00:04]} Bb2 {[%emt
0:01:05]} 35. Rc5 {[%emt 0:00:29]} Ba3 {[%emt 0:00:14]} 36. Rxa5 {[%emt
0:00:02]} Rc7 { [%emt 0:00:21]} 37. Re5 {[%emt 0:00:39]} Rc1 {[%emt 0:00:10]}
38. Ke2 {[%emt 0:00:02]} Rxd1 {[%emt 0:00:05]} 39. Kxd1 {[%emt 0:00:00]} Rd6
{[%emt 0:00:05]} 40. Re8# {[%emt 0:00:02]} 1-0

[Event "DSJ Weihnachtsturnier U16: Steinitz 2020"]
[Site ""]
[Date "2020.12.28"]
[Round "7"]
[White "Maeno, Yosuke"]
[Black "Widmann, Maximilian"]
[Result "1/2-1/2"]
[Termination "normal"]
[Board "8.3"]
[WhiteElo "1399"]
[BlackElo "1573"]
[WhiteTeam "SF Schwerin"]
[BlackTeam "VfB Schach Leipzig"]
[PlyCount "157"]
[BlackFideId "16281691"]
[EventRounds "7"]
[EventType "team-swiss"]
[EventDate "2020.12.28"]

1. Nf3 {[%emt 0:00:11]} d5 {[%emt 0:00:07]} 2. c4 {[%emt 0:00:03]} c6 {[%emt
0:00:07]} 3. g3 {[%emt 0:00:04]} Bf5 {[%emt 0:00:06]} 4. Bg2 {[%emt 0:00:06]}
e6 {[%emt 0:00:03]} 5. O-O {[%emt 0:00:05]} Nf6 {[%emt 0:00:04]} 6. d3 {[%emt
0:00:09]} Bd6 {[%emt 0:00:08]} 7. Nc3 {[%emt 0:00:18]} O-O {[%emt 0:00:08]} 8.
Re1 {[%emt 0:00:21]} Nbd7 {[%emt 0:00:27]} 9. e4 {[%emt 0:00:29]} dxe4 { [%emt
0:00:19]} 10. dxe4 {[%emt 0:00:03]} Bg6 {[%emt 0:00:03]} 11. e5 {[%emt
0:00:06]} Bb4 {[%emt 0:00:56]} 12. exf6 {[%emt 0:00:06]} Nxf6 {[%emt 0:00:05]}
13. Qxd8 {[%emt 0:00:05]} Raxd8 {[%emt 0:00:00]} 14. Bf4 {[%emt 0:00:26]} Bxc3
{[%emt 0:00:16]} 15. bxc3 {[%emt 0:00:03]} Ne4 {[%emt 0:00:30]} 16. Ne5 { [%emt
0:00:26]} Nxc3 {[%emt 0:00:11]} 17. Nxg6 {[%emt 0:00:06]} hxg6 {[%emt 0:00:05]}
18. Be5 {[%emt 0:00:16]} Na4 {[%emt 0:00:09]} 19. Red1 {[%emt 0:00:10]} Nb6
{[%emt 0:00:08]} 20. Bc7 {[%emt 0:00:06]} Rxd1+ {[%emt 0:00:09]} 21. Rxd1 {
[%emt 0:00:05]} Nxc4 {[%emt 0:00:02]} 22. Rb1 {[%emt 0:00:14]} b6 {[%emt
0:00:21]} 23. Rd1 {[%emt 0:00:41] VfBLeip2-003 offers a draw} Rc8 {[%emt
0:00:41]} 24. Rd8+ {[%emt 0:00:05]} Rxd8 {[%emt 0:00:03]} 25. Bxd8 {[%emt
0:00:01]} c5 { [%emt 0:00:02]} 26. Bc7 {[%emt 0:00:07]} Kf8 {[%emt 0:00:18]}
27. Bb8 {[%emt 0:00:05]} a6 {[%emt 0:00:03]} 28. Ba7 {[%emt 0:00:04]} Ke7
{[%emt 0:00:03]} 29. Bb8 {[%emt 0:00:24]} f5 {[%emt 0:00:13]} 30. Kf1 {[%emt
0:00:02]} Kf6 {[%emt 0:00:01]} 31. Ke2 {[%emt 0:00:12]} e5 {[%emt 0:00:03]} 32.
Kd3 {[%emt 0:00:28]} Nb2+ {[%emt 0:00:08]} 33. Kc2 {[%emt 0:00:16]} Nc4 {[%emt
0:00:19]} 34. Bf1 { [%emt 0:00:13]} Na3+ {[%emt 0:00:08]} 35. Kb3 {[%emt
0:00:03]} Nb5 {[%emt 0:00:02]} 36. a4 {[%emt 0:00:10]} Nd4+ {[%emt 0:00:04]}
37. Kc3 {[%emt 0:00:12]} b5 {[%emt 0:00:09]} 38. axb5 {[%emt 0:00:12]} axb5
{[%emt 0:00:05]} 39. Ba7 { [%emt 0:00:12]} b4+ {[%emt 0:00:31]} 40. Kb2 {[%emt
0:00:09]} Ne6 {[%emt 0:00:05]} 41. Kb3 {[%emt 0:00:09]} Ke7 {[%emt 0:00:02]}
42. Bc4 {[%emt 0:00:02]} Nd4+ {[%emt 0:00:05] VfBLeip2-003 offers a draw} 43.
Ka4 {[%emt 0:00:09]} Kd6 { [%emt 0:00:04]} 44. Bf7 {[%emt 0:00:16]} g5 {[%emt
0:00:16]} 45. Bb8+ {[%emt 0:00:16]} Ke7 {[%emt 0:00:07]} 46. Bc4 {[%emt
0:00:12]} e4 {[%emt 0:00:17]} 47. Ka5 {[%emt 0:00:23]} Nc6+ {[%emt 0:00:16]}
48. Kb6 {[%emt 0:00:23]} Nxb8 { [%emt 0:00:07]} 49. Kxc5 {[%emt 0:00:03]} Nd7+
{[%emt 0:00:12]} 50. Kxb4 { [%emt 0:00:02]} f4 {[%emt 0:00:02]} 51. Bd5 {[%emt
0:00:11]} Nf6 {[%emt 0:00:16]} 52. Bb7 {[%emt 0:00:03]} e3 {[%emt 0:00:18]} 53.
fxe3 {[%emt 0:00:09]} fxe3 {[%emt 0:00:04]} 54. Bf3 {[%emt 0:00:02]} Ke6 {[%emt
0:00:08]} 55. Kc4 { [%emt 0:00:04]} g4 {[%emt 0:00:15]} 56. Be2 {[%emt
0:00:13]} Ke5 {[%emt 0:00:06]} 57. Kd3 {[%emt 0:00:08]} g5 {[%emt 0:00:07]} 58.
Kxe3 {[%emt 0:00:04]} Kf5 {[%emt 0:00:08]} 59. Kd4 {[%emt 0:00:06]} Nd7 {[%emt
0:00:11]} 60. Bd3+ { [%emt 0:00:14]} Kf6 {[%emt 0:00:12]} 61. Kd5 {[%emt
0:00:03]} Ne5 {[%emt 0:00:13]} 62. Be2 {[%emt 0:00:19] Schwerin003 offers a
draw} Nf3 {[%emt 0:00:24]} 63. Ke4 {[%emt 0:00:06]} Nxh2 {[%emt 0:00:10]} 64.
Ke3 {[%emt 0:00:11]} Ke5 { [%emt 0:00:09]} 65. Kf2 {[%emt 0:00:17]} Ke4 {[%emt
0:00:05]} 66. Kg2 {[%emt 0:00:05]} Nf3 {[%emt 0:00:12]} 67. Bd1 {[%emt 0:00:08]
VfBLeip2-003 offers a draw } Nd4 {[%emt 0:00:17]} 68. Bxg4 {[%emt 0:00:03]} Ke3
{[%emt 0:00:01]} 69. Bc8 { [%emt 0:00:05]} Ke4 {[%emt 0:00:01]} 70. Bb7+ {[%emt
0:00:02]} Ke5 {[%emt 0:00:02]} 71. g4 {[%emt 0:00:01]} Ne6 {[%emt 0:00:02]} 72.
Kg3 {[%emt 0:00:03]} Nf4 {[%emt 0:00:00]} 73. Bc8 {[%emt 0:00:02]} Kd4 {[%emt
0:00:01]} 74. Bf5 { [%emt 0:00:03]} Ke3 {[%emt 0:00:02]} 75. Kh2 {[%emt
0:00:04]} Kf3 {[%emt 0:00:02]} 76. Kh1 {[%emt 0:00:06]} Kg3 {[%emt 0:00:01]}
77. Kg1 {[%emt 0:00:03]} Kf3 {[%emt 0:00:01]} 78. Kh2 {[%emt 0:00:02]} Kf2
{[%emt 0:00:01] Schwerin003 offers a draw} 79. Bc8 {[%emt 0:00:05]} 1/2-1/2

[Event "DSJ Weihnachtsturnier U16: Steinitz 2020"]
[Site ""]
[Date "2020.12.28"]
[Round "7"]
[White "Willberg, Marek"]
[Black "Baerens, Lennart"]
[Result "1-0"]
[Termination "normal"]
[Board "8.4"]
[WhiteElo "1386"]
[BlackElo "902"]
[WhiteTeam "VfB Schach Leipzig"]
[BlackTeam "SF Schwerin"]
[PlyCount "65"]
[WhiteFideId "16224027"]
[EventRounds "7"]
[EventType "team-swiss"]
[EventDate "2020.12.28"]

1. c4 {[%emt 0:00:06]} e5 {[%emt 0:00:06]} 2. Nc3 {[%emt 0:00:11]} Nc6 { [%emt
0:00:04]} 3. g3 {[%emt 0:00:06]} Bb4 {[%emt 0:00:13]} 4. Bg2 {[%emt 0:00:11]}
Bxc3 {[%emt 0:00:11]} 5. bxc3 {[%emt 0:00:06]} Nf6 {[%emt 0:00:25]} 6. d3
{[%emt 0:00:18]} O-O {[%emt 0:00:07]} 7. Bg5 {[%emt 0:00:04]} d6 {[%emt
0:00:12]} 8. Nf3 {[%emt 0:00:05]} Bg4 {[%emt 0:00:09]} 9. O-O {[%emt 0:00:04]}
h6 { [%emt 0:00:13]} 10. Be3 {[%emt 0:00:07]} d5 {[%emt 0:00:21]} 11. cxd5
{[%emt 0:00:08]} Nxd5 {[%emt 0:00:02]} 12. Bd2 {[%emt 0:00:02]} Re8 {[%emt
0:00:21]} 13. c4 {[%emt 0:00:04]} Nf6 {[%emt 0:00:07]} 14. Rb1 {[%emt 0:00:11]}
b6 {[%emt 0:00:07]} 15. h3 {[%emt 0:00:23]} Bxf3 {[%emt 0:00:09]} 16. Bxf3
{[%emt 0:00:02]} Nd4 {[%emt 0:00:09]} 17. Bxa8 {[%emt 0:00:08]} Qxa8 {[%emt
0:00:04]} 18. Bc3 { [%emt 0:00:07]} Nc6 {[%emt 0:00:16]} 19. f4 {[%emt
0:00:19]} exf4 {[%emt 0:00:17]} 20. Rxf4 {[%emt 0:00:11]} Re6 {[%emt 0:00:21]}
21. Bxf6 {[%emt 0:00:04]} Rxf6 {[%emt 0:00:08]} 22. Rxf6 {[%emt 0:00:02]} gxf6
{[%emt 0:00:04]} 23. Qf1 { [%emt 0:00:06]} Qd8 {[%emt 0:00:05]} 24. Qf2 {[%emt
0:00:36]} Qe7 {[%emt 0:00:14]} 25. Rf1 {[%emt 0:00:05]} Nd8 {[%emt 0:00:20]}
26. e4 {[%emt 0:00:10]} Qe5 {[%emt 0:00:09]} 27. Kg2 {[%emt 0:00:06]} Ne6
{[%emt 0:00:14]} 28. Qxf6 { [%emt 0:00:07]} Qf5 {[%emt 0:00:09]} 29. Rxf5
{[%emt 0:00:07]} Nf4+ {[%emt 0:00:07]} 30. Rxf4 {[%emt 0:00:05]} b5 {[%emt
0:00:46]} 31. Qxf7+ {[%emt 0:00:04] } Kh8 {[%emt 0:00:14]} 32. Rf6 {[%emt
0:00:18]} bxc4 {[%emt 0:00:10]} 33. Rxh6# {[%emt 0:00:00]} 1-0